Guess The FNF Songs - Statistics

General Stats
  • This quiz has been taken 47 times
    8 since last reset
  • The average score is 49 of 226
Answer Stats
Character Song % Correct
Pico (Week 3) Blammed
86%
Daddy Dearest (Week 1) Dadbattle
86%
Monster/Lemon Demon(Week 2) Monster
86%
Nonsense (Week N) Nonsense
86%
Mad Agoti A.G.O.T.I
71%
Tricky Expurgation
71%
Tankman (Week 7) Guns
71%
Tricky Hellclown
71%
Mommy Mearest/Mommy Must Murder (Week 4) High
71%
Pico (Week 3) Philly
71%
Pico (Week 3) Pico
71%
Mad Senpai (Week 6) Roses
71%
Mommy Mearest/MommyMust Murder (Week 4) Satin Panties
71%
Senpai (Week 6) Senpai
71%
Pump (Week 2) South
71%
Spirit (Week 6) Thorns
71%
Tankman (Week 7) Ugh
71%
Annie Animal
57%
Mad Whitty (Bonus Week) Ballistic
57%
Daddy Dearest (Week 1) | Stickman cover (Freeplay) Bopeebo
57%
Selever (Separate mod) (Week Selever) Casanova
57%
Parents (Week 5) Cocoa
57%
Parents (Week 5) Eggnog
57%
Daddy Dearest (Week 1) Fresh
57%
Mad Tabi (Chapter 1) Genocide
57%
Lucifer Sarvente (Week ✟) Gospel
57%
Tricky Madness
57%
Mommy Mearest/Mommy Must Murder (Week 4) M.I.L.F
57%
Tabi (Chapter 1) My Battle
57%
Whitty (Bonus Week) Overhead
57%
Sarvente (Week ✟) Parish
57%
Skid (Week 2) Spookeez
57%
Tankman (Week 7) Stress
57%
KB (Freeplay) Termination
57%
Soul Tails, Sonic.exe, and SoulKnuckles Triple Trouble
57%
Ruvyzvat (Week ✟) Zavodila
57%
Carol (Jam Sesm 1) Boogie
43%
Twimsomnia Boogieman
43%
Nonsense (Week N) Common Sense
43%
Ghost Garcello Fading
43%
Zardy Foolhardy
43%
Ace (Freeplay) Frostbite
43%
Hacked Hex (Week X) Glitcher
43%
Tabi (Chapter 1) Last Chance
43%
Whitty (Bonus Week) Lo-Fight
43%
Demon Sky Manifest
43%
Garcello Nerves
43%
Nonsense (Freeplay) Nonsensical
43%
Twinsomnia Power Hour
43%
Garcello Release
43%
Sky Sky
43%
Sonic.exe Too Slow
43%
Monster/Lemon Demon(Week 5) Winter Horrorland
43%
Mad Sarvente (Week ✟) Worship
43%
Sonic.exe You Can't Run
43%
Zardy & Cablecrow Bushwack
29%
Carol (Jam Sesm 1) Carol Roll
29%
Sakuroma and Ace (Freeplay) Coldhearted
29%
IRIS Hex (Weekend X) Detected
29%
Garcello & Annie (Freeplay) Dilemma
29%
Corrupted Twilight Sparkle(Week Twilight Sparkle) Dusk 'Till Dawn
29%
Solazar Godrays
29%
Annie Good Enough
29%
Garcello Headache
29%
The Date Week (Week Date! ft.Carol) Heartbass
29%
Hex (Week X) Hello World
29%
Nonsense (Week N) Highlights
29%
Tricky Improbable Outset
29%
Annie Lover
29%
Ace (Week A) Noreaster
29%
Ruvyzvat and Sarvente(Freeplay) Panic-Stricken
29%
Agoti Parasite
29%
The Date Week (Week Date! ft. Carol) Perfume
29%
Nikusa Promenade
29%
Hex (Week X) R.A.M
29%
Twinsomnia Roughhouse
29%
Agoti Screenplay
29%
Twinsomnia Sleeptalk
29%
Ace (Week A) Sub-Zero
29%
Sarvente and Ruvyzvat(Freeplay) Too Clergy
29%
The Chosen One (Week ⊞) Adobe
14%
Alan Becker (Freeplay) Alan
14%
Selever (Separate mod) (Week Selever) Attack
14%
Selever (Separate mod)(Freeplay) Attacklovania
14%
Peashooter (Week 1) Bad Bash
14%
Carol (Jam Sesm 1) Body
14%
QT (Qt Week) Carefree
14%
QT (QT Week) Careless
14%
Cassette Goon (Week Goon) Cold Flow
14%
Ace (Week A2) Cold Front
14%
Ace (Week A) Concrete Jungle
14%
Nonsense (Week N) Context
14%
Hex (Weekend X) Cooling
14%
K.O.U (Week 1) Cosmic
14%
Selever (Separate mod) (Week Selever) Crimsong
14%
Selever (Separate mod) (WeekSelever) Demonila
14%
The Chosen One Cover(Freeplay) Diva
14%
Glitching Cassette Girl(Baddies Mod) (Week Cassette) Donnie-Soft
14%
Stalker Girl (Week Stalker) Drift
14%
Hex (Week X) Dunk
14%
Cassette Goon (Freeplay) Dying Lights
14%
Ace (Cover) (Freeplay) | Berserk RetroSpecter(Freeplay) Ectospasm
14%
Hex (Freeplay) Encore
14%
Doors (Freeplay) | Stalker Girl (Week Stalker) Encounter
14%
Sakuroma and Fun-SizedSakuroma (Freeplay) Fuzziest Feeling
14%
Sakuroma (Freeplay) Fuzzy Feeling
14%
Cassette Goon (Freeplay) Ghost
14%
Cassette Goon (Week Goon) Ground Zero
14%
Sakuroma (Freeplay) (Secret) Heartmelter
14%
Hex (Freeplay) Hectic
14%
Nonsense (Freeplay) Highlighted
14%
Julian (Freeplay) Hungry
14%
Stalker Girl (Week Stalker) Insane
14%
Hex (Freeplay) Java
14%
Cassette Girl (BaddiesMod) (Week Cassette) Kagayaku Kassetto
14%
K.O.U (Week 1) K.O.U
14%
Spinel (Freeplay) Last Straw
14%
Hex (Freeplay) LCD
14%
GSU (Week 2) Lockdown
14%
Cassette Girl Machina
14%
Glitching Cassette Girl/Cassette Goon (Baddies
Mod) (Week Cassette)
Malfunction
14%
Date-Night Masses (Week Date Night) Matins
14%
Cassette Goon (Freeplay) Night2Light
14%
Cassette Goon (Week Goon) Night Lights
14%
Minus Sakuroma and MinusSakuroma (Week RetroSpecter) Overtime
14%
Daidem and 06 Perfection
14%
GSU and K.O.U (Week 2) Quasar
14%
Oswald the Lucky Rabbit (WeekOswald) Rabbit's Luck
14%
Nonsense (Freeplay) Random
14%
Hex (Freeplay) Reboot
14%
Sarvente and Ruvyzvat(Freeplay) Sarv-odila
14%
RetroSpecter and Fun-SizedSakuroma (Freeplay) Satisflatter
14%
Aldryx Shotgun-Shell
14%
A.C. Void (Week A.C. Void) Singularity
14%
Mad Agoti Skybreaker
14%
K.O.U (Week 1) Space Boy
14%
Cassette Goon (Freeplay) Streets
14%
Cassette Goon (Freeplay) Thoughts
14%
Annie Tug of War
14%
K.O.U (Week 2) Twinkle
14%
Stalker Girl (Week Stalker) Uh oh
14%
Cassette Girl Ukiyo
14%
Sky Wife Forever
14%
Doors (Freeplay) Abuse
0%
Minus RetroSpecter (WeekRetroSpecter) Acidiron
0%
Selever (Separate mod)(Freeplay) Agitated Remix
0%
Void (Week Void) Asteroids
0%
Fruit Ninja (Freeplay) Badmark
0%
Carol (Jam Sesm 2) BBF
0%
Peashooter (Week 1) Bloom N' Brains
0%
Starecrown (Week Stare) Body Inversion
0%
Fruit Ninja (Freeplay) Bombastic
0%
Fruit Ninja (Freeplay) Bombastic Remix
0%
Stickman (Freeplay) Boombox
0%
KB (QT Week) Censory-Overload
0%
KB and QT (Freeplay) Cessation
0%
Carol (Jam Sesm 2) Cinammon
0%
Cassette Girl (Freeplay) City Funk
0%
Date-Night Masses (Freeplay) Clandestine Ditty
0%
Ace (Week A2) Cyrogenic
0%
Tabi and Girlfriend (Date Week) Date Night
0%
Doors (Freeplay) Demise
0%
Funky Hotel (Freeplay) Dor
0%
Unexpected Whitty PsychPort (Bonus Week) Dull-Fuse
0%
Cassette Girl Earworm
0%
RetroSpecter and Fun-SizedSakuroma (Freeplay) Ectogasm
0%
Tabi and Girlfriend (Date Week) Embrace
0%
The Dark Lord (Week ⊞) End Process
0%
Void (Week Void) Event Horizon
0%
Daidem and 06 Experimental Phase
0%
Stickman Fight
0%
Tabi and Girlfriend (Date Week) Final Memories
0%
Tabi and Girlfriend (Date Week) Freaking Out Alone
0%
Rainbow Friends Friends To Your End
0%
Fruit Ninja (Dojo Week) Fruity
0%
Void (Week A.C. Void) Gravity
0%
Ace (Week A2) Groundhog Day
0%
Chomper (Week 2) Gurgle
0%
Doors (Freeplay) Halt
0%
Date-Night Masses (Week DateNight) Harmony
0%
Doors (Freeplay) Hide
0%
Amelia (Secret) INTERLOPE
0%
Carol (Jam Sesm 2) Jammin
0%
Tabi and Girlfriend (Date Week) Judas Kiss
0%
Julian (Freeplay) Low-Rise
0%
Tabi (Chapter 1) My Problem
0%
Ace (Freeplay) North
0%
Funky Hotel (Week Rush) No-Time
0%
Fred the Frog (Week Frog) Operation Frog Song
0%
Minus Sakuroma (WeekRetroSpecter Preppy
0%
Minus RetroSpecter (WeekRetroSpecter) Preseason
0%
Rasazy Meets Her Parents Rasanova
0%
Rasazy Meets Her Parents Rasodila
0%
Rasazy (Week ✟) Razzy Stazzy
0%
Funky Hotel (Week Ambush) Rebound
0%
Fruit Ninja (Dojo Week) Resentment
0%
RetroSpecter (Freeplay) Retro
0%
Hex (Freeplay) R.O.M.
0%
Date-Night Masses (Freeplay) Rosebass
0%
Doors (Freeplay) Rushing
0%
RetroSpecter (Wrath) Satisfacture
0%
Sakuroma (Freeplay) Scaly Feeling
0%
Date-Night Masses (Week Date Night) Serafim
0%
Stickman Serious
0%
Minus RetroSpecter (WeekRetroSpecter) Sigma
0%
Tabi and Agoti (Chapter 1) Skull & Strips
0%
Doors (Freeplay) Small Spider
0%
Cassette Girl (Freeplay) Soda Groove
0%
RetroSpecter (Wrath) Spectral
0%
Starecrown (Week Stare) Stare
0%
Starecrown (Week Stare) Staredown
0%
Stickman Sticking
0%
Solazar Stratostellar
0%
KB (QT Week) Terminate
0%
Times Up BF Time's Up
0%
Date-Night Masses (Freeplay) Together
0%
Void (Week A.C. Void) Ultraviolet
0%
Julian (Week :)) Underground
0%
Aldryx Venom Shred
0%
Fruit Ninj (Girlfriend andBoyfriend, Dojo Week) Versus
0%
Mad Chosen One (Week ⊞) Victim
0%
Void (Week Void) Weightless
0%
The Date Week (Week Date! ft. Carol) Whit-Roll
0%
No matching quizzes found
Score Distribution
Percent of People with Each Score
Percentile by Number Answered
Your Score History
You have not taken this quiz since the last reset